Biomedicínske inžinierstvo 2. stupeň : študijný odbor: 2664 Biomedicínske inžinierstvo : študijný program: Biomedicínske inžinierstvo - 2. stupeň

Bibliographic Details
Other Authors: Živčák, Jozef, 1958- (Compiler), Knežo, Dušan, 1956- (Compiler), Hudák, Radovan, 1976- (Compiler)
Format: Software eBook
Language:Slovak
PhysicalDescription:1 CD-ROM farebný 12 cm
Published: Košice Technická univerzita, Strojnícka fakulta 2014
ISBN:9788055324241
Edition:Vydanie: I.
Subjects:

MARC

LEADER 00000nam a2200000 4500
001 vtls011760529
003 SK-MaSNL
005 20260301045224.0
007 co cg auuua
008 180606s2014 xo | fqf 000 0dslo
015 |a SNBS2019 
020 |a 9788055324241  |q (elektronická kniha) 
040 |a SNK  |b slo  |c SNK  |e rda 
041 0 |a slo 
044 |a xo  |c SK 
072 7 |a 378  |x Vysoké školy  |2 konspekt 
080 |a 378.6:62  |2 2011 
080 |a 378.011.3-051  |2 2011 
080 |a 37.091.212.3  |2 2011 
080 |a 378  |2 2011 
080 |a 616-07/-08-71  |2 2011 
080 |a (035)  |2 2011 
080 |a (0.034.44)  |2 2011 
245 0 0 |a Biomedicínske inžinierstvo  |b 2. stupeň : študijný odbor: 2664 Biomedicínske inžinierstvo : študijný program: Biomedicínske inžinierstvo - 2. stupeň  |c zostavili: Jozef Živčák, Dušan Knežo, Radovan Hudák 
250 |a Vydanie: I. 
264 1 |a Košice  |b Technická univerzita, Strojnícka fakulta  |c 2014 
300 |a 1 CD-ROM  |b farebný  |c 12 cm 
336 |a text  |b txt  |2 rdacontent 
337 |a počítač  |b c  |2 rdamedia 
338 |a počítačový disk  |b cd  |2 rdacarrier 
347 |a textový súbor  |b PDF  |c 2 rda 
500 |a Názov z titulnej obrazovky; obsahuje biografické údaje 
504 |a Obsahuje bibliografické odkazy 
610 2 7 |a Technická univerzita v Košiciach.  |b Strojnícka fakulta  |2 SNKKA  |9 178287 
650 0 7 |a vysoké školy technické  |2 SNKPH  |9 71431 
650 0 7 |a vysokoškolskí učitelia  |2 SNKPH  |9 66590 
650 0 7 |a študijné predpoklady  |2 SNKPH  |9 84637 
650 0 7 |a vysokoškolské štúdium  |2 SNKPH  |9 4044 
650 0 7 |a biomedicínske inžinierstvo  |2 SNKPH  |9 66617 
650 0 7 |a Technical universities  |2 SNKPHeng  |9 265533 
650 0 7 |a College teachers  |2 SNKPHeng  |9 267441 
650 0 7 |a Study skills  |2 SNKPHeng  |9 325471 
650 0 7 |a College study  |2 SNKPHeng  |9 265848 
650 0 7 |a Biomedical engineering  |2 SNKPHeng  |9 326866 
655 7 |a CD-ROM  |2 SNKPH  |9 70236 
655 7 |a príručky  |2 SNKPH  |9 74364 
655 7 |a Handbooks, manuals, etc.  |2 SNKPHeng  |9 90964 
700 1 |a Živčák, Jozef,  |d 1958-  |4 com  |9 151558 
700 1 |a Knežo, Dušan,  |d 1956-  |4 com  |9 39508 
700 1 |a Hudák, Radovan,  |d 1976-  |4 com  |9 167420 
919 |a 978-80-553-2424-1 
958 |a NB 
999 |c 597836  |d 599766 
952 |a SNK  |b SNK  |y NEVYP  |7 1  |p 17A1331538  |o snkSCDM 9948  |i snk2018/12243  |8 0  |0 0  |1 0  |4 0  |d 2018-06-06  |l 0  |r 2026-02-23 15:44:59  |w 2026-02-23